00974nam a2200301 a 4500001000700000003000900007005001700016007000700033008003600040010000600076040002200082043000600104050000900110100000600119110009600125245009100221260003600312300004100348500000600389504000600395650003100401740004200432942001200474945002700486952010400513956003800617999001700655 35129DO-SdBNP20171102101414.0 35129861107s2005 dr b f000 0 spa  a  aBPMSUcspadBPMSU a 00a b 2 a  aInstituto Dominicano de Investigaciones Agropecuarios y Forestales (República Dominicana)10a Musáceas : c bresultados de investigaciones República Dominicana febrero 2015/ aSanto Domingo :bIDIAF,c1985. a 115 p. :bil., gráficos c 23 cm. a  a  0aBanana tradezEl Salvador.0 aCultivo de musáceas en El Salvador. 2ddccBK aInventariado, 2017/MFF 00102ddc40708CDaBPMETbBPMETd2016-09-22eSELLARl0pBPMSU16090467r2016-09-22w2016-09-22yBK aVMATEOb10c20160922dBPMSUf0069 c11485d11485